| 000 | 00577nam a2200229Ia 4500 | ||
|---|---|---|---|
| 005 | 20260429112133.0 | ||
| 008 | 260429s9999||||xx |||||||||||||| ||und|| | ||
| 020 | _a9789367130643 | ||
| 041 | _aEnglish | ||
| 082 |
_a150.727 _bARO |
||
| 100 | _aAron, Arthur | ||
| 245 | 0 |
_aStatistics for psychology / _cArthur Aron |
|
| 250 | _a7th ed. | ||
| 260 |
_aNoida : _bPearson, _c2026. |
||
| 300 | _axiv, 673 p.; pbk | ||
| 650 | _a Statistics | ||
| 650 | _aPsychology | ||
| 700 | _a Aron, Elaine N. | ||
| 700 | _a Cooley, Erin | ||
| 700 | _a Coups, Elliot J. | ||
| 942 | _cTB | ||
| 999 |
_c52536 _d52536 |
||